000 00582nam a22002297a 4500
003 UA-OsUOA
001 37125
007 ta
008 20060223b un ||||| |||| 00| 0 ukr d
100 _aМихайлов М.
090 _a821,161,1
_bМ69
942 _cBK
040 _aUA-OsUOA
_brus
_cUA-OsUOA
_dUA-OsUOA
245 _aСобрание стихотворений
300 _a748 с.
955 _a2
041 _arus
080 _a821,161,1
260 _aМ.
_c1953
650 7 _a82 Література. Літературознавство
_2UDC
999 _c323338
_d323338